Clonal variability and seasonal contribution to yield of Hevea clones in the traditional rubber growing region of India (Record no. 55733)

MARC details
000 -LEADER
fixed length control field 00543nam a2200193Ia 4500
100 ## - MAIN ENTRY--AUTHOR NAME
Personal name Reju M.J
245 #0 - TITLE STATEMENT
Title Clonal variability and seasonal contribution to yield of Hevea clones in the traditional rubber growing region of India
260 ## - PUBLICATION, DISTRIBUTION, ETC. (IMPRINT)
Name of publisher Rubber Science
Year of publication 2019
300 ## - PHYSICAL DESCRIPTION
Number of Pages 262-271
650 ## - SUBJECT ADDED ENTRY--TOPICAL TERM
Topical Term Girth
650 ## - SUBJECT ADDED ENTRY--TOPICAL TERM
Topical Term Heritability
650 ## - SUBJECT ADDED ENTRY--TOPICAL TERM
Topical Term Hybrid clones
650 ## - SUBJECT ADDED ENTRY--TOPICAL TERM
Topical Term Seasonal yield
650 ## - SUBJECT ADDED ENTRY--TOPICAL TERM
Topical Term Yield
650 ## - SUBJECT ADDED ENTRY--TOPICAL TERM
Topical Term Yield variability
700 ## - ADDED ENTRY--PERSONAL NAME
Personal name Mydin K.K
942 ## - ADDED ENTRY ELEMENTS (KOHA)
Koha item type Journals
Holdings
Withdrawn status Lost status Damaged status Not for loan Home library Current library Shelving location Date acquired Serial Enumeration / chronology Koha item type
      Journals RRII Library RRII Library Botany 17/12/2021 Volume 32, Issue 3 Journals